Zagraniczni żużlowcy występujący w klubie z Rawicza - Statystyki

Ogólne statystyki
  • Ten quiz został rozwiązany 136 razy
    48 od ostatniego zresetowania
  • Średni wynik to 22 z 85
Statystyki odpowiedzi
Narodowość Lata startów Odpowiedź % Poprawnych
Dania 2023 Hans Andersen
79%
Australia 2018-21 Jaimon Lidsey
79%
Wielka Brytania 2023 Scott Nicholls
79%
Australia 2021-23 Ryan Douglas
75%
Francja 2022 Steven Goret
75%
Australia 2008, 13 Jason Doyle
71%
Australia 2022 Josh Pickering
71%
Australia 2019-21 Keynan Rew
71%
USA 2019 Luke Becker
71%
Słowenia 2022 Nick Skorja
63%
Australia 2022 Sam Masters
58%
Wielka Brytania 2023 Drew Kemp
54%
Wielka Brytania 2022 Tom Brennan
54%
Ukraina / Polska 2018 WIktor Trofimov
50%
Ukraina 1996 Władimir Trofimov
50%
Francja 2015 David Bellego
46%
Niemcy 2020 Max Dilger
46%
Słowacja 2019 Petr Chlupac
46%
Wielka Brytania 2020 Anders Rowe
42%
Australia 2018-19 Brady Kurtz
42%
Wielka Brytania 2023 Jye Etheridge
42%
Australia 2019 Todd Kurtz
42%
Dania 2015 Anders Thomsen
38%
Rosja 2019 Paweł Nagibin
38%
Argentyna 2018-19 Facundo Albin
33%
Australia 2021 Matthew Gilmore
33%
Wielka Brytania 2017-18 Steve Worrall
33%
Dania 2001-02 Bjarne Pedersen
29%
Wielka Brytania 2017-18 Richie Worrall
29%
USA 2018 Ricky Wells
25%
Dania 2001-02 Ronni Pedersen
25%
USA 2013-15 Ryan Fisher
25%
Dania 2014 Tobias Thomsen
25%
Niemcy 2017 Valentin Grobauer
25%
Włochy 1998 Armando Castagna
21%
Czechy 2014 Eduard Krcmar
21%
Czechy 1996 Jan Holub
21%
Ukraina 2014, 16-17 Stanisław Mielniczuk
21%
Rosja 2013 Witalij Biełousow
21%
Czechy 2015-16 Zdenek Holub
21%
Łotwa 2003 Andriej Korolew
17%
Szwecja 2010-14 Eric Andersson
17%
Szwecja 2004, 2009-11 Sebastian Alden
17%
Dania 2006 Steen Jensen
17%
Czechy 2003 Tomas Topinka
17%
Wielka Brytania 2005 David Howe
13%
Szwecja 2008 Henrik Gustafsson
13%
Czechy 2006, 16 Hynek Stichauer
13%
Wielka Brytania 2017 Josh Bates
13%
Węgry 2017 Roland Benko
13%
Szwecja 2007 Simon Gustafsson
13%
Niemcy 2016 Steven Mauer
13%
Szwecja 2012 Alexander Edberg
8%
Wielka Brytania 2008 Andrew Tully
8%
Dania 2011 Claus Vissing
8%
Dania 2016 Emil Groendal
8%
Słowenia 2006-08 Jernej Kolenko
8%
Wielka Brytania 2008 Jordan Frampton
8%
Australia 2008 Mark Lemon
8%
Niemcy 2006-07, 15 Mathias Schultz
8%
Austria 1957 Otto Holoubek
8%
Rosja 2003 Renat Gafurov
8%
Niemcy 2014 Rene Deddens
8%
Wielka Brytania 2003 Sean Wilson
8%
Rosja 2008 Semen Wlasow
8%
Rosja 2009-13 Wiktor Gołubowskij
8%
Szwecja 2010-14 Anton Rosen
4%
Węgry 2000-01, 05 Attila Stefani
4%
Dania 2006-07, 09 Casper Wortmann
4%
Niemcy 2008-10 Erik Pudel
4%
Dania 2006 Jonas Raun
4%
Dania 2008 Klaus Jacobsen
4%
Słowenia 2009 Maks Gregoric
4%
Austria 2006 Manuel Hauzinger
4%
Czechy 1999 Marian Jirout
4%
Czechy 1997-99 Michal Makovsky
4%
Czechy 1999-00 Pavel Ondrasik
4%
Czechy 1997-99 Robert Kral
4%
Szwecja 2010 Robin Tornqvist
4%
Niemcy 2006 Ronny Weis
4%
Rosja 2000-01 Siergiej Kuzin
4%
Wielka Brytania 2009 Simon Walker
4%
Czechy 2006 Veroslav Kollert
4%
Szwecja 2007 Victor Bergstroem
4%
Ukraina 2011 Władimir Tejgał
4%
Nie znaleziono quizów pasujących do podanych kryteriów
Rozkład punktacji
Procent ludzi z każdym wynikiem
Percentyl według liczby udzielonych odpowiedzi
Twoja historia wyników
Nie rozwiązałeś tego quizu od ostatniego zresetowania